[Event "Hoogovens"]
[Site "Wijk aan Zee"]
[Date "1998.01.29"]
[Round "11"]
[White "Salov, Valery"]
[Black "Gelfand, Boris"]
[Result "1-0"]
[WhiteElo "2680"]
[BlackElo "2675"]
[Annotator "Salov,V"]
[PlyCount "135"]
[EventDate "1998.01.16"]
[EventType "tourn"]
[EventRounds "13"]
[EventCountry "NED"]
[EventCategory "17"]
[SourceTitle "CBM 063"]
[Source "ChessBase"]
[SourceDate "1998.03.26"]
[SourceVersion "1"]
[SourceVersionDate "1998.03.26"]
[SourceQuality "1"]

1. e4 c5 2. Nf3 d6 3. d4 cxd4 4. Nxd4 Nf6 5. Nc3 a6 6. Be2 e6 7. f4 Qc7 8. O-O
Be7 9. a4 O-O 10. Kh1 Nc6 11. Be3 Bd7 12. Nb3 b6 13. Bf3 Bc8 14. g4 (14. e5 $5
dxe5 15. fxe5 Nd7) 14... Rb8 15. g5 Nd7 16. Bg2 Re8 17. Qh5 (17. Qe2 $5 Bf8 18.
Rad1 Bb7 19. Qf2 g6 20. Ne2 Bg7 21. c3 $14 {Chiburdanidze-Kindermann, Polanica
Zdroj 1984}) 17... g6 18. Qh4 $146 (18. Qh3 $5 Nb4 19. f5 Ne5 20. Nd4 exf5 21.
exf5 Bb7 22. Ne4 Bxe4 23. Bxe4 Bf8 (23... d5 $142 $1 {Browne}) 24. Rae1 d5 25.
Bg2 Bd6 26. c3 Nbd3 27. Re2 $14 {Rachels-Browne, USA(ch)1989}) 18... b5 $1 (
18... f6 $5 19. gxf6 (19. f5 $1 $40 {-VS}) 19... Bxf6 $11 {Browne}) (18... Nb4
19. f5 $1 Nxc2 $4 20. fxg6 fxg6 21. Qf2 $1 $18) 19. axb5 axb5 20. Rf3 (20. Nd4
$5 Nxd4 21. Bxd4 b4 22. Nd1 Qxc2 (22... e5 23. fxe5 Nxe5 24. Bxe5 dxe5 25. Rxf7
$1 h5 $1 (25... Kxf7 $2 26. Qxh7+ Ke6 27. Ne3 $18) 26. Rf6 $1 Bxf6 27. gxf6
Qxc2 $140 $2 28. Qg5 Kh7 29. Rc1 Qd3 30. Ne3 $40) 23. Ne3 $44) 20... b4 21. Ne2
(21. Rh3 $5 Nf8 22. Ne2 e5 $1 23. f5 gxf5 24. Ng3 fxe4 (24... f4 25. Nf5 fxe3
26. Qh6 Bxf5 27. exf5 $18) 25. Bxe4 Bxh3 26. Qxh3 $44) 21... Bf8 $1 22. Rh3 h5
$2 (22... h6 $5 23. gxh6 Kh7 24. Nbd4 $13) 23. f5 $1 exf5 24. exf5 Ne7 $1 (
24... Nde5 25. Ng3 Ng4 26. Nxh5 $18) 25. Nbd4 (25. Ng3 $5 Bb7 $1 (25... Qxc2
26. Nxh5 gxh5 27. Qxh5 Bg7 28. Bd4 $1 Ne5 29. Qh7+ Kf8 30. f6 Qxh7 31. Rxh7
Bxf6 32. gxf6 Ng8 33. Ba7 $16) 26. Nxh5 (26. Bxb7 Qxb7+ 27. Kg1 Qf3 $132) 26...
Bxg2+ 27. Kxg2 Qxc2+ 28. Kg1 gxh5 29. Qxh5 Bg7 30. Bd4 f6 31. gxf6 Nxf6 32.
Bxf6 Bxf6 33. Rg3+ Kf8 34. Qh6+ Kf7 $11) 25... Bb7 26. Rf1 $1 (26. Nf4 Bxg2+
27. Kxg2 Nxf5 $1) 26... Bxg2+ 27. Kxg2 Nc6 $2 $138 (27... Nd5 $8) 28. Ne6 $1
Qb7 (28... fxe6 29. fxg6 Nde5 30. Qxh5 Qg7 31. Rf6 $40) 29. Kg1 Nce5 30. N2f4
$1 fxe6 (30... Qe4 31. Nxf8 Nxf8 (31... Rxf8 32. Nxg6 $1 Qxh4 33. Ne7+ Kg7 34.
Rxh4 $16) 32. Nxh5 Qg4+ 33. Qxg4 Nxg4 34. Nf6+ $16) 31. fxg6 $4 $138 (31. Nxg6
Nxg6 32. fxg6 Ne5 33. Qxh5 Qg7 34. Bd4 Nf3+ 35. Rfxf3 Qxd4+ 36. Rf2 Re7 37. g7
$1 Qxg7 38. Rf6 $18) 31... Bg7 32. Qxh5 Nf8 33. Nd3 (33. Bd4 Qe4 $1 $19) 33...
Nexg6 34. Nf2 Re7 (34... Rbc8 $19) 35. Ng4 Rf7 36. Nf6+ Bxf6 37. gxf6 Rh7 38.
Bh6 Kf7 39. Qg4 Qd5 40. Rh5 Qc6 $2 $138 (40... Ne5 41. Rxe5 Qxe5 42. Qg7+ Rxg7+
43. fxg7+ Kg6 44. g8=Q+ Kxh6 45. Rxf8 Rxf8 46. Qxf8+ Kg6 $11) 41. Bxf8 $16 Rxh5
42. Qxh5 Qc5+ $8 43. Qxc5 dxc5 44. Bxc5 Rb5 $1 45. Be3 (45. Bd4 $5 Rd5 46. Be3
$16) 45... Ne5 $1 46. b3 (46. Rf4 b3 47. c4 Ra5 $132) 46... Ng4 47. Bd4 e5 48.
Bf2 Kxf6 49. h3 Nh6 $2 (49... Nxf2 50. Rxf2+ Kg5 51. Rg2+ Kf5 $1 (51... Kf4 52.
Kf2 $1 $16)) 50. Bh4+ Kg6 51. Rf6+ Kg7 52. Rc6 $1 Nf5 53. Bf2 $18 Rd5 54. Kf1
$1 Rd1+ 55. Ke2 Rh1 56. Re6 Rh2 (56... Rxh3 57. Rxe5 $18) 57. Rxe5 Nd4+ 58. Kd3
$1 Rxf2 (58... Nxc2 59. Re2 $18) 59. Kxd4 Rxc2 60. Rc5 $1 Rh2 61. Kc4 Rxh3 62.
Kxb4 Kf6 63. Ka4 Rh8 64. b4 Ra8+ 65. Ra5 Rh8 66. Ra7 $1 Ke6 67. b5 Kd6 68. Ka5
1-0

[Event "Olympiad-31"]
[Site "Moscow"]
[Date "1994.12.01"]
[Round "1.2"]
[White "Lanka, Zigurds"]
[Black "Quinn, Mark"]
[Result "1/2-1/2"]
[WhiteElo "2540"]
[BlackElo "2305"]
[Annotator "Shipov,S"]
[PlyCount "104"]
[EventDate "1994.12.01"]
[EventType "team-swiss"]
[EventRounds "14"]
[EventCountry "RUS"]
[SourceTitle "CBM 045"]
[Source "ChessBase"]
[SourceDate "1995.04.01"]
[SourceVersion "1"]
[SourceVersionDate "1995.04.01"]
[SourceQuality "1"]
[WhiteTeam "Latvia"]
[BlackTeam "Ireland"]
[WhiteTeamCountry "LAT"]
[BlackTeamCountry "IRL"]

1. e4 c5 2. Nf3 d6 3. d4 cxd4 4. Nxd4 Nf6 5. Nc3 a6 6. Be3 e6 7. Be2 Be7 8. f4
Qc7 9. O-O O-O 10. g4 Re8 (10... d5 $6 11. e5 (11. exd5 Nxd5 12. Nxd5 exd5 13.
Bf3 Rd8 14. Qd2 $14) 11... Ne4 12. Nxe4 dxe4 13. g5 Nc6 14. c3 Bc5 15. Qc2 b5
16. Qxe4 Bb7 17. Bf3 $14 {Bologan,V-Novikov,I/New York/1993/}) (10... Nc6 11.
g5 Nd7 12. f5 Nde5 $1 (12... Nxd4 13. Qxd4 Re8 14. fxe6 fxe6 15. Bh5 Rf8 16.
Rxf8+ Bxf8 17. Rf1 Ne5 18. Nd5 $1 $14 {Short,N-Ljubojevic,L/Novi Sad/1990/})
13. f6 Bd8 14. fxg7 Kxg7 15. Qd2 b5 $132 {Sax,G-Stean,M/Moscow/1977/}) (10...
b5 $5 11. g5 Nfd7 12. f5 Ne5 (12... b4 $5) 13. f6 Bd8 14. a3 Nbd7 15. fxg7 Kxg7
$13 {Prandstetter,E-Adorjan,A/Prague/1985/}) 11. g5 Nfd7 12. Qe1 {N Rf3-h3/} (
12. Bh5 g6 (12... Nc6 $2 13. Nxe6 $18) 13. Bg4 Bf8 (13... Nc6 $1 14. Nxe6 fxe6
15. Bxe6+ Kh8 16. Nd5 Qb8 17. Bf7 Rf8 18. Bd4+ $18 {Polgar,J-Ree,H/Amsterdam/
1989/}) 14. f5 Ne5 15. fxe6 fxe6 16. Rf6 (16. Bh3 Nbc6 17. Rf6 $6 Nxd4 18. Bxd4
Bg7 19. Bxe5 dxe5 20. Rf3 Bd7 $15 {Jansa,V-Stohl,I/Prague/1989/}) 16... Nxg4
17. Qxg4 Nd7 $5 (17... Nc6 18. Nxc6 $1 bxc6 19. e5 $1 d5 20. Raf1 Bg7 21. Bc5
$1 $16 {Shirov,A-Anand,V/Buenos Aires/1994/}) 18. Raf1 Ne5 $1 19. Qh3 Bg7 20.
Nxe6 Qd7 $1 21. Nd5 Rxe6 22. Qxe6+ Qxe6 23. Rxe6 Bxe6 24. Nc7 Nc4 25. Bf4 Bh3
$17 {Xie,J-Adorjan,A/Budapest/1992/}) 12... b5 13. a3 Nc6 (13... Bb7 14. Qh4
Nc5 15. Bd3 $1 $14) 14. Qh4 Bb7 15. Rf3 (15. f5 $5) 15... Nf8 16. Raf1 (16. f5
$5 Nxd4 17. Bxd4 exf5 $1 18. Rxf5 (18. exf5 $5 Bxf3 $2 (18... Bd8 $32) 19. Bxf3
$16) 18... Ng6 19. Qg3 Ne5 20. Raf1 Rf8 $10) 16... Nxd4 17. Bxd4 e5 $1 18. Be3
(18. fxe5 dxe5 19. Be3 Bc5 $1 $17) 18... Ng6 19. Qf2 exf4 20. Bxf4 Rf8 (20...
Nxf4 21. Rxf4 f6 $5) 21. Be3 Bd8 $1 $15 (21... Ne5 22. Rh3 $1) 22. Bd3 Qd7 23.
Qg3 Ne5 24. Rf4 Rc8 25. h4 $6 (25. Bd4 $32) 25... d5 $1 26. exd5 Nxd3 27. cxd3
Bc7 28. Qg4 $8 Qxg4+ 29. Rxg4 Rfd8 $17 30. h5 $5 (30. Rd4 $2 Bb6) 30... Bxd5
31. g6 hxg6 32. hxg6 f5 $2 (32... fxg6 $32 33. Rxg6 Bb7 $17) 33. Rh4 (33. Nxd5
$1 Rxd5 34. Rd4 $1 $13) 33... Be6 (33... Bb7 $5 34. Rxf5 Rxd3 $36) 34. d4 f4 (
34... Bb6 $5) 35. d5 $8 (35. Bxf4 Rxd4) 35... fxe3 36. dxe6 Rd6 (36... Be5 37.
Re4 Bxc3 38. bxc3 Rxc3 $2 39. e7 Re8 40. Rf8+ Rxf8 41. e8=Q $18) 37. Re4 Re8
38. Rf7 Ba5 (38... Bb6 39. Rb7 $1 $10) 39. b4 Rdxe6 40. Rxe6 Rxe6 41. Ra7 Rxg6+
42. Kf1 Bd8 43. Ra8 Rd6 44. Ke2 Kf7 45. Ne4 Re6 46. Kxe3 Bg5+ 47. Kf3 Bc1 48.
Rc8 Bh6 (48... Bxa3 49. Ng5+) 49. Rc5 Ke7 50. a4 $10 bxa4 51. Ra5 g5 52. Nc5
Rb6 1/2-1/2

[Event "Groningen op"]
[Site "Groningen"]
[Date "1993.??.??"]
[Round "2"]
[White "Shevelev, Arkady"]
[Black "Shipov, Sergei"]
[Result "1-0"]
[WhiteElo "2325"]
[BlackElo "2500"]
[Annotator "Shipov,S"]
[PlyCount "107"]
[EventDate "1993.12.??"]
[EventType "swiss"]
[EventRounds "11"]
[EventCountry "NED"]
[SourceTitle "CBM 039"]
[Source "ChessBase"]
[SourceDate "1994.04.01"]
[SourceVersion "1"]
[SourceVersionDate "1994.04.01"]
[SourceQuality "1"]

1. e4 c5 2. Nf3 d6 3. d4 cxd4 4. Nxd4 Nf6 5. Nc3 e6 6. Be2 a6 7. a4 Nc6 8. Be3
Be7 9. O-O Bd7 10. Nb3 Na5 11. Nd2 O-O 12. f4 Qc7 13. Qe1 $1 $146 Rac8 14. Qf2
$1 {xb6} Qb8 $8 15. Kh1 Be8 (15... Bc6 16. Ba7 (16. b4 $2 Be8 $1) 16... Qa8 17.
Bb6 Bd8 18. Rad1 $16 {xd6, Na5}) 16. Ba7 Qa8 17. Bb6 Nc6 18. a5 $14 Nb4 19.
Rac1 Nd7 (19... d5 $142 20. e5 Nd7 21. Be3 {/\ Nb3+/=, xd4}) 20. Be3 Qb8 (20...
d5 $5) 21. Nc4 $1 {/\ Rfd1} d5 $8 22. exd5 Nxd5 23. Nxd5 exd5 24. Nb6 Nxb6 25.
Bxb6 $16 {xd5} Bf6 $6 (25... Qd6 $142 26. Bd4 Bf6 $16) 26. Bc5 Qc7 (26... Bxb2
$2 27. Rb1 Bc3 28. Bxf8 Kxf8 29. Bxa6 $18) 27. Bxf8 Kxf8 28. Bd3 $2 (28. c4 $1
Bxb2 29. Rb1 $16) 28... Qxa5 29. c3 $14 g6 30. Qf3 Kg7 (30... Bc6 $2 31. Qh3 $1
$16) 31. Rce1 Bc6 32. Re2 Rd8 33. Qg4 Qc7 34. f5 g5 $1 35. Qh5 Qd6 36. Rf3 Rh8
37. Rh3 h6 38. Rhe3 (38. Re6 Qd8 $1) 38... Qf4 39. Re1 d4 $1 40. cxd4 Qxd4 (
40... Bxd4 $2 41. Re7 Bd5 42. Qg6+ $18) 41. b3 Qb2 42. Qe2 Qxb3 43. Bxa6 Qa4
44. Bc4 Rf8 $1 (44... b5 $2 45. Bxf7 $1 Kxf7 46. Re7+ $18) 45. Rb1 Qa5 46. Rf1
(46. Bb5 Rd8 47. Bxc6 bxc6 $10) 46... Qc5 $10 47. Re1 Qxf5 $4 (47... b5 48. Bb3
b4 $10) 48. Rf1 Qc5 49. Rh3 Qe7 50. Qh5 Rh8 51. Re3 $10 Qc7 52. Bb3 Qd7 53. Rd3
$1 Qc7 54. Rd6 $1 1-0

[Event "Bundesliga 9697"]
[Site "Germany"]
[Date "1996.??.??"]
[Round "?.1"]
[White "Shirov, Alexei"]
[Black "Kabatianski, Alexander"]
[Result "1-0"]
[WhiteElo "2685"]
[BlackElo "2440"]
[Annotator "Shirov,A"]
[PlyCount "151"]
[EventDate "1996.10.12"]
[EventType "team-tourn"]
[EventRounds "15"]
[EventCountry "GER"]
[SourceTitle "GER-chT"]
[Source "ChessBase"]
[SourceDate "1999.07.01"]
[SourceVersion "1"]
[SourceVersionDate "1999.07.01"]
[SourceQuality "1"]
[WhiteTeam "Empor Berlin"]
[BlackTeam "Eppingen"]
[WhiteTeamCountry "GER"]
[BlackTeamCountry "GER"]

1. e4 c5 2. Nf3 e6 3. d4 cxd4 4. Nxd4 Nc6 5. Nc3 Qc7 6. Be2 Nf6 7. O-O a6 8.
Be3 d6 9. f4 Be7 10. Qe1 O-O 11. Qg3 Nxd4 12. Bxd4 b5 13. a3 Bb7 14. Kh1 Bc6
15. Rae1 Qb7 16. Bd3 b4 17. Nd1 bxa3 18. bxa3 Rad8 $1 $146 (18... g6) 19. c3 $5
(19. Ne3 $6 Bxe4 20. Ng4 Bg6 $1 (20... Bxd3 21. Nxf6+ Bxf6 22. Bxf6 Bg6 23.
Bxd8 Rxd8 $44) 21. f5 exf5 $1 22. Rxe7 Qxe7 23. Nxf6+ gxf6 24. Qh4 (24. Re1 Qd7
) 24... Rde8 25. Bxf6 Qe6 $15) 19... g6 20. Nf2 Nh5 21. Qe3 f6 $1 {ץd4} 22.
Bc4 (22. f5 $5 e5 (22... gxf5 23. Qh6 Ng7 24. Re3 Rf7 25. Rb1 $13) (22... exf5
$2 23. exf5 Bxg2+ 24. Kg1 Bxf1 25. Kxf1 $16) 23. Bb6 (23. Qh6 $2 exd4 24. fxg6
hxg6 25. Qxg6+ Ng7 26. Ng4 (26. e5 f5) 26... Be8 27. Nh6+ Kh8 28. Nf7+ Rxf7 29.
Rf3 Nh5 $17) 23... Rd7 $13) 22... Ng7 23. Rb1 (23. f5 $6 gxf5 24. Qh6 d5 $1)
23... Qc8 24. Rb6 Bb7 25. Ba2 $1 $14 Kh8 26. Rfb1 Rd7 27. Qd2 Bd8 28. R6b2 Ba5
29. Qc2 e5 $5 30. Be3 f5 $1 $132 31. Bd5 $2 $138 (31. Qa4 $1 $14) 31... Bxd5
32. Rb8 $4 (32. exd5 Rc7 (32... Qxc3 $6 33. Qa4 $1) 33. Nd1 $13) 32... Qxb8 33.
Rxb8 Rxb8 34. exd5 Rc7 $17 35. c4 Rbc8 36. c5 (36. Qa4 $2 Rxc4 37. Qxa5 Rc1+
$19) 36... exf4 37. Bd4 Rxc5 $6 (37... dxc5 38. d6 cxd4 (38... Rd7 39. Be5 $132
) 39. dxc7 Rxc7 $17) 38. Bxc5 Rxc5 39. Qb2 h6 40. g4 Rxd5 $6 $138 (40... f3 $1
$15) 41. gxf5 gxf5 (41... Rxf5 42. Qb8+ Kh7 43. Qxd6 $13) 42. Qb7 Rd2 43. Nh3
$5 (43. Qxa6 Rxf2 44. Qxa5 Ra2 $10) 43... f3 $6 (43... Rd1+ 44. Kg2 Rd2+ 45.
Kf1 Rd1+ $10) 44. Qxf3 Bb6 45. Nf4 $1 Bc5 46. a4 $1 $14 Kh7 (46... Rf2 $142)
47. Qb7 Bd4 48. Qxa6 Be5 49. Ne2 Ne6 50. a5 Nf4 $2 (50... Kg6 $14) 51. Nxf4
Bxf4 52. Qc4 Be5 53. Qf7+ (53. a6 $1 Rxh2+ 54. Kg1 Rd2 55. Qf7+ Kh8 56. a7 Bd4+
57. Kh1 $1 Bxa7 58. Qxa7 $18 {צd2}) 53... Kh8 54. h3 $6 Rd1+ 55. Kg2 Ra1 $1
56. Qc4 Rd1 $2 $138 (56... Kg7 57. a6 Kf6 58. Qc8 $16) 57. a6 Bd4 58. Qf7 Rg1+
59. Kf3 Bc5 60. a7 Bxa7 61. Qxa7 $18 Rg6 62. Kf4 Rg5 63. Qb8+ Kh7 64. Qxd6 Rg8
65. h4 Rg4+ 66. Kxf5 Rg8 67. Qe7+ Rg7 68. Qe4 Kg8 69. Kf6 Kh8 70. Qe3 Kh7 71.
Qe8 Rg8 72. Qf7+ Kh8 73. Qc7 $1 Rg1 74. Qf4 Kh7 75. Qe4+ Kh8 76. Qe3 1-0

[Event "Interzonal-15"]
[Site "Manila"]
[Date "1990.??.??"]
[Round "1"]
[White "Dolmatov, Sergey"]
[Black "Stohl, Igor"]
[Result "1/2-1/2"]
[WhiteElo "2615"]
[BlackElo "2525"]
[Annotator "Stohl,I"]
[PlyCount "123"]
[EventDate "1990.06.29"]
[EventType "swiss"]
[EventRounds "13"]
[EventCountry "PHI"]
[SourceTitle "CBM 019"]
[Source "ChessBase"]
[SourceDate "1990.12.01"]
[SourceVersion "1"]
[SourceVersionDate "1990.12.01"]
[SourceQuality "1"]

1. e4 c5 2. Nf3 d6 3. d4 cxd4 4. Nxd4 Nf6 5. Nc3 a6 6. Be2 e6 7. a4 Be7 8. Be3
Nc6 9. O-O O-O 10. f4 Qc7 11. Kh1 (11. Qe1 $5 Nxd4 12. Bxd4 e5 13. Be3 exf4 14.
Bxf4 Be6 15. Qg3 Nd7 16. Bh6 Qc5+ 17. Kh1 Qe5 18. Bf4 Qc5 19. Nd5 Bxd5 20. Bh6
g6 $5 21. Bxf8 Bxf8 22. exd5 Qxc2 $14 {Dolmatov-Aseev,Klajpeda 1988}) 11... Re8
12. Bf3 Na5 (12... Rb8) (12... Bd7) 13. Qe1 (13. Qe2 $6 e5 14. Nf5 Bxf5 15.
exf5 e4 16. Nxe4 Nxe4 17. Bxe4 Bf6 $146 {Marjanovic-Kurajica,Bor 1983}) (13.
Qd3 $5 Nc4 14. Bc1 e5 15. Nde2 exf4 16. Nxf4 Ne5 17. Qd4 Be6 18. Be2 Rac8 19.
Qe3 Qc6 $132 {Karpov-Martinovic,Amsterdam 1985}) 13... Nc4 (13... e5 $6 14.
fxe5 dxe5 15. Qg3 $1 Kh8 16. Be2 Be6 17. Nf5 Bf8 18. Qh4 $40 {Jansa-Stohl,
Namestovo 1987}) (13... Nd7 $5 14. Rd1 Bf8 $13 {Arnason-Kurajica,Bor 1983}) 14.
Bc1 e5 15. Nde2 d5 $5 {Jansa} (15... exf4 16. Nxf4 Be6 $14) 16. exd5 (16. fxe5
$6 dxe4 $1 17. Nxe4 Nxe5 $36) (16. Nxd5 $5 Nxd5 17. exd5 Bf5 $1 (17... Bd6 $2
18. b3 e4 19. Bh5 Nb6 20. c4 g6 21. Bb2 gxh5 22. Qg3+ Bg4 23. h3 $18) 18. b3 (
18. fxe5 Nxe5 19. c3 Bd3 20. Bf4 Bd6 $146) 18... e4 19. Bh5 $8 (19. Nd4 $2 exf3
20. Nxf5 fxg2+ 21. Kxg2 Bf6 $19) 19... Bf6 $5 (19... Nd6 $2 20. Nd4 Bf6 21. Bb2
{/\c4} Bxd4 22. Bxd4 Qxc2 23. Qg3 g6 24. Qg5 $18) 20. Ra2 Nd6 21. Ng3 (21. c4
g6 22. Qg3 b5 $36) 21... Bc3 $146) 16... Bd6 (16... Bf5 $5 17. fxe5 (17. b3 $2
e4 $17) 17... Nxe5 18. Bf4 Nxf3 (18... Bd6 19. Qg3 $1) 19. Bxc7 (19. Rxf3 Qb6
$146) 19... Nxe1 20. Rfxe1 (20. Raxe1 Bxc2 21. d6 Bd8 22. Nd4 Bd3 $15) 20...
Bc5 $1 $146 {/\} 21. d6 Ng4) 17. fxe5 $8 (17. b3 e4) 17... Bxe5 $2 (17... Nxe5
$1 18. Bf4 Nxf3 19. Rxf3 (19. Bxd6 Nxe1 20. Bxc7 Nxc2 {/\Sc2}) 19... Bg4 20.
Bxd6 Qxd6 21. Rf2 Nxd5 $1 $10 22. Rd1 Bxe2 23. Rxd5 $2 Bc4) 18. Qh4 Bf5 19. Nd4
$1 Bg6 (19... Bxd4 $2 20. Qxd4 Bxc2 21. Bf4 $16) 20. Nce2 $2 (20. Nc6 $1 bxc6 (
20... Nxb2 21. Nxe5 Qxc3 22. Rb1 $1 $16) 21. Qxc4 cxd5 (21... Bxh2 22. dxc6 $16
) 22. Qxc7 Bxc7 23. Nxd5 Nxd5 24. Bxd5 Rab8 25. c3 $14) 20... Nb6 $1 $15 21.
Bd2 (21. Nf4 $2 Qc4 $1 22. Be3 Bxf4 23. Qxf4 Nbxd5 $19) 21... Nbxd5 22. Rac1
Rad8 23. Rfd1 Qe7 $6 (23... Ne4 $1 24. Bxe4 (24. Be1 Bf6 $17) 24... Bf6 25. Qg3
Rxe4 26. Qxc7 Nxc7 27. Ba5 Rc8 {_|_^^}) 24. Kg1 h6 25. c3 Ne4 (25... Bb8 $5)
26. Qxe7 $10 Rxe7 27. a5 $1 (27. Be1 Rde8 {/\Se3}) 27... Nxd2 $138 (27... Rde8)
(27... Red7 $5 $10) 28. Rxd2 Nf4 29. Rcd1 $1 $14 (29. Nc6 $2 Nxe2+ 30. Bxe2
Rxd2 31. Nxe7+ Kf8 $15) 29... Red7 30. Nxf4 Bxf4 31. Re2 Bg5 32. g3 Bf6 33. h4
$1 Bf5 {/\Le6} (33... Bxd4+ $5 34. Rxd4 Rxd4 35. cxd4 Rxd4 36. h5 $1 (36. Bxb7
Bd3 37. Rd2 Rb4 $10) 36... Bf5 (36... Bd3 $2 37. Rd2 $1) 37. Bxb7 (37. Re8+ Kh7
38. Re7 Rd3) 37... Bd3 38. Re8+ Kh7 $132) 34. Kf2 $1 Bxd4+ (34... Be6 $2 35.
Nxe6) 35. Rxd4 Rxd4 36. cxd4 Rxd4 37. Bxb7 Bd3 38. Re8+ Kh7 39. Ke3 Rd7 (39...
Rd6 $5) 40. Bc6 (40. Be4+ $5 Bxe4 41. Rxe4 f5 42. Rd4 $1 Rb7 43. b4 $14) 40...
Rd6 41. Re7 (41. Be4+ $5) 41... Rxc6 42. Kxd3 Rg6 $1 $132 43. Re3 (43. Rxf7
Rxg3+ 44. Ke4 Rb3 $10) 43... Rg4 44. Kc3 g5 45. h5 $1 (45. hxg5 hxg5 46. b4 f5
$10) 45... Kg7 (45... f5 46. Rf3 $5 Kg7 $1) 46. b4 f5 47. Re7+ (47. Rd3 $6 Kf7
48. Rd7+ Ke6 49. Rh7 Kd5 $36) 47... Kf6 48. Ra7 (48. Rh7 Rxg3+ 49. Kd4 Rg4+ 50.
Kc5 f4 51. Rxh6+ Ke5 52. Rxa6 f3 53. Ra8 $8 Rf4 $10 54. h6 $6 Rf7) 48... Rxg3+
49. Kd4 g4 $5 (49... Rg4+ $10) 50. Rxa6+ Kg5 $13 51. Ra8 (51. b5 f4 52. b6 Rb3
$36) 51... f4 52. b5 (52. a6 $6 Ra3 53. b5 (53. a7 Kxh5 54. b5 g3 $1 55. b6 g2
56. Rg8 Rg3 $19) 53... f3 54. Rf8 $8 g3 55. b6 $5 $10 g2 $2 56. Rg8+ Kxh5 57.
b7) 52... Rb3 53. Kc4 (53. a6 $5 Rxb5 $1 (53... f3 $5 54. a7 f2 55. Rg8+ Kh4 $8
56. a8=Q f1=Q 57. Rxg4+ $1 Kxh5 $1 58. Qd5+ $8 Kxg4 59. Qxb3 $14) 54. a7 Rb4+
$1 55. Kc3 Ra4 56. Rg8+ Kxh5 57. a8=Q Rxa8 58. Rxa8 Kh4 (58... g3 59. Kd3 f3
$10) 59. Rh8 f3 $1 60. Rxh6+ Kg3 $10) 53... Rb1 (53... Rb2 $5) 54. a6 f3 55. a7
(55. Rf8 Ra1 $8 56. Kc5 (56. b6 $2 Rxa6 57. b7 Rb6 58. b8=Q Rxb8 59. Rxb8 f2
$19) 56... Kxh5 57. b6 Ra5+ 58. Kd4 Ra4+ $10) 55... f2 56. Rf8 Ra1 57. Rxf2 (
57. b6 g3 58. b7 g2 59. Rxf2 $8 g1=Q 60. a8=Q Qc1+ 61. Kd4 $5 $10) 57... Rxa7
58. Rb2 g3 (58... Kxh5 59. b6 Rb7 60. Kd3 Kh4 61. Rh2+ $1 Kg5 62. Rb2 Kf4 63.
Ke2 $10) 59. b6 Rb7 60. Kd3 Kxh5 61. Ke2 Kg4 62. Kf1 {(I.Stohl)} 1/2-1/2